Text book of wondows based computer courses (Record no. 7515)
[ view plain ]
| 000 -LEADER | |
|---|---|
| fixed length control field | 00303nam a2200121Ia 4500 |
| 008 - FIXED-LENGTH DATA ELEMENTS--GENERAL INFORMATION | |
| fixed length control field | 191201s2011 xx 000 0 und d |
| 100 ## - MAIN ENTRY--PERSONAL NAME | |
| Personal name | JAIN,POOJA |
| 245 #0 - TITLE STATEMENT | |
| Title | Text book of wondows based computer courses |
| 260 ## - PUBLICATION, DISTRIBUTION, ETC. (IMPRINT) | |
| Date of publication, distribution, etc | 2011 |
| Name of publisher, distributor, etc | S.Vikas |
| Place of publication, distribution, etc | N. delhi |
| 300 ## - PHYSICAL DESCRIPTION | |
| Extent | 811+31 |
| 650 ## - SUBJECT ADDED ENTRY--TOPICAL TERM | |
| Topical term or geographic name as entry element | MBA |
| 942 ## - ADDED ENTRY ELEMENTS (KOHA) | |
| Source of classification or shelving scheme | Dewey Decimal Classification |
| Koha item type | Book Bank |
| 942 ## - ADDED ENTRY ELEMENTS (KOHA) | |
| -- | 2 |
| Withdrawn status | Lost status | Source of classification or shelving scheme | Damaged status | Not for loan | Collection code | Home library | Current library | Date acquired | Source of acquisition | Cost, normal purchase price | Bill Number | Total Checkouts | Acc. no. / Barcode | Date last seen | Bill Date | Koha item type | Date last borrowed |
|---|---|---|---|---|---|---|---|---|---|---|---|---|---|---|---|---|---|
| Dewey Decimal Classification | MBA | PIET C-LIBRARY | PIET C-LIBRARY | 12/11/2011 | S. vikas & Company | 525.00 | 584 | BB8035 | 04/12/2019 | 12/11/2011 | Book Bank | ||||||
| Dewey Decimal Classification | MBA | PIET C-LIBRARY | PIET C-LIBRARY | 12/11/2011 | S. vikas & Company | 525.00 | 584 | 1 | BB8036 | 15/02/2023 | 12/11/2011 | Book Bank | 19/12/2022 | ||||
| Dewey Decimal Classification | MBA | PIET C-LIBRARY | PIET C-LIBRARY | 12/11/2011 | S. vikas & Company | 525.00 | 584 | BB8037 | 04/12/2019 | 12/11/2011 | Book Bank | ||||||
| Dewey Decimal Classification | MBA | PIET C-LIBRARY | PIET C-LIBRARY | 12/11/2011 | S. vikas & Company | 525.00 | 584 | BB8038 | 12/01/2021 | 12/11/2011 | Book Bank | ||||||
| Dewey Decimal Classification | MBA | PIET C-LIBRARY | PIET C-LIBRARY | 12/11/2011 | S. vikas & Company | 525.00 | 584 | 1 | BB8039 | 21/02/2023 | 12/11/2011 | Book Bank | 19/12/2022 |